Statystyki dla Czy znasz wszystkich trenerów klubów z ekstraklasy w sezonie 2022/23?

Kliknij tutaj aby rozwiązać quiz!

Ogólne statystyki

  • Ten quiz został rozwiązany 41 razy
  • Średni wynik to 9 z 19

Statystyki odpowiedzi

DrużynaTrener% Poprawnych
Lech Poznań
John van den Brom
78%
Raków CzęstochowaMarek Papszun
75%
Legia WarszawaKosta Runjaić
72%
Piast GliwiceWaldemar Fornalik
72%
Zagłębie LubinPiotr Stokowiec
58%
Widzew ŁódźJanusz Niedźwiedź
53%
Lechia GdańskTomasz Kaczmarek
50%
Korona KielceLeszek Ojrzynski
47%
Radomiak RadomMariusz Lewandowski
47%
Wisła Płock nr.2Stano Pavol
42%
Śląsk WrocławDjurdjevic Ivan
39%
Stal MielecAdam Majewski
36%
Warta PoznańDavid Szulczek
36%
Górnik ZabrzeGaul Bartosch
36%
Jagiellonia BiałystokMaciej Stolarczyk
33%
CracoviaMichał Probierz
31%
Pogoń SzczecinJens Gustafsson
28%
Miedź LegnicaWojciech Lobodzinski
28%
Wisła Płock nr.1Piotr Soczewka
8%

Rozkład punktacji

Percentyl według liczby udzielonych odpowiedzi

Procent ludzi z każdym wynikiem

Twoja historia wyników

Nie rozwiązałeś tego quizu